00479cam a22001457a 4500008004000000020001500040082001300055100002300068245009100091260003100182300001000213650003500223650004600258650002900304180718b2014 xxu||||| |||| 00| 0 eng d a8192745635 aT39 Sa84 aSatyarthi, Shaiwal aTRIPS agreement and intellectual property rights regime in Indiacby Shaiwal Satyarthi aNew DelhibY S Booksc2014 a491p. aIntellectual property -- India aIntellectual property (International law) aWorld Trade Organization